A tough tussle

Bibliographic Details
Main Author: Syed Mahadzir
Corporate Author: Title
Format: Book
Published: Selangor : Pustaka Cita Tinggi , 2004
Series:Black and white series
Subjects:

MARC

LEADER 00000cam a2200000 7i4500
001 0000002380
005 20151222.0
008 070712
020 |a 9830234126 
090 0 0 |a JF   |b ENG 
100 0 |a Syed Mahadzir 
245 1 2 |a A tough tussle   |c Syed Mahadzir 
260 |a Selangor :   |b Pustaka Cita Tinggi ,   |c 2004 
440 |a Black and white series 
500 |a Children ages 10-12 years old (pink) 
650 0 |a Junior fiction   |x English   |x Languages 
710 0 |a Title 
999 |a 0000920489   |b Book   |c Children Collection   |e Cawangan Bukit Gambir 
999 |a 0000968272   |b Book   |c Children Collection   |e Cawangan Sri Merlong 
999 |a 0000968274   |b Book   |c Children Collection   |e Cawangan Pontian 
999 |a 0000968275   |b Book   |c Children Collection   |e Cawangan Taman Universiti 
999 |a 0000968276   |b Book   |c Children Collection   |e Cawangan Taman Universiti 
999 |a 0001048784   |b Book   |c Children Collection   |e Cawangan Bandar Penawar